Investičné portfólio inštitucionálneho investora bakalárska práca

Gespeichert in:
Bibliographische Detailangaben
1. Verfasser: Trubač, Václav
Körperschaft: Fakulta podnikového manažmentu EU. Katedra podnikových financií
Weitere Verfasser: Bikár, Miloš, 1973-
Format: Buch
Sprache:Slowakisch
Veröffentlicht: Bratislava 2025
Tags: Tag hinzufügen
Keine Tags, Fügen Sie das erste Tag hinzu!

MARC

LEADER 00000nbm a2200000 4500
001 0309998
005 20260108095518.2
041 0 |a slo 
044 |a SK 
245 1 0 |a Investičné portfólio inštitucionálneho investora  |b bakalárska práca  |c Václav Trubač ; školiteľ: Miloš Bikár 
264 1 |a Bratislava  |c 2025 
300 |a 66 s. 
100 1 |a Trubač, Václav 
700 1 |a Bikár, Miloš, 1973- 
710 2 |a Fakulta podnikového manažmentu EU. Katedra podnikových financií